Movies Quiz

Random Movies or Actor Quiz

Movie Villains Quiz Stats

 Plays Quiz Updated Dec 10, 2018

     
Support Sporcle.
Go Orange.
Score 0/16 Timer 07:00
3 Plays Today
Movie Villain % Correct
The Empire Strikes BackDarth Vader
90.1%
Austin Powers: International Man of MysteryDr. Evil
78.4%
The Silence of the LambsDr. Hannibal Lecter
73.8%
PsychoNorman Bates
68.9%
2001: A Space OdysseyHAL 9000
56.6%
Die HardHans Gruber
40.4%
A Clockwork OrangeAlex DeLarge
32.9%
The Usual SuspectsKeyser Soze
32%
Movie Villain % Correct
Taxi DriverTravis Bickle
26.5%
Mommie DearestJoan Crawford
20.3%
No Country For Old MenAnton Chigurh
16.1%
MiseryAnnie Wilkes
11.8%
Training DayAlonzo Harris
6.1%
Blue VelvetFrank Booth
6%
Total RecallVilos Cohaagen
4.4%
Fatal AttractionAlex Forrest
4.1%

From the Vault

'R'-Less European Countries

by alinrotundu

R you ready for another country quiz?
Remove Ads.
Support Sporcle.
Get the best of Sporcle when you Go Orange. This ad-free experience offers more features, more stats, and more fun while also helping to support Sporcle. Thank you for becoming a member.

Show Comments

Extras

Top Quizzes Today


Score Distribution

Your Account Isn't Verified!

In order to create a playlist on Sporcle, you need to verify the email address you used during registration. Go to your Sporcle Settings to finish the process.

Report this User

Report this user for behavior that violates our Community Guidelines.

Details: